Представление документа в формате MARC21

Поле Инд. ПП Название Значение
Тип записи a
Библиографический уровень b
001 Контрольный номер RU/IS/BASE/125070538
005 Дата корректировки 20241107173028.8
084 a Индекс другой классификации/Индекс ББК 88.503; 88.544; 60.541.2
097 00 a 750
100 10 a Автор Шехтер Ф. Я.
245 00 a Заглавие Малые группы в соционике
520 00 a Аннотация Описаны эксперименты с восемью малыми группами Рейнина, психологическое состояние и характер взаимодействия членов каждой малой группы. Даны характеристики группам: "Букет", "Квадрат", "Клуб", "Кольцо заказа", "Кольцо контроля", "Кольцо прогресса", "Мобилизация"
650 04 a Основная рубрика психология
a Основная рубрика социальная психология; психология групп
a Основная рубрика социология
a Основная рубрика социология групп
653 00 a Ключевые слова интертипные отношения
a Ключевые слова коммуникации
a Ключевые слова малые группы
a Ключевые слова психологическое состояние
a Ключевые слова рабочие группы
a Ключевые слова социальные отношения
a Ключевые слова соционика
a Ключевые слова типология малых групп
700 10 a Автор Кобринская Л. Н.
773 00 t Заглавие источника Соционика, психология и межличностные отношения: человек, коллектив, общество
d Дата издания источника 2000
g Прочая информация № 4. - С. 37 - 40
w Контрольный № источника RU/IS/BASE/142612643
901 t Тип документа b